Les bières les plus vendues en France en 2022 - Statistiques

Statistiques générales
  • Ce quiz a été pris 1 917 fois
  • Le résultat moyen est 5 sur 10
Statistiques - réponses
Millions de litres vendus Marque de la bière % Correct
145.8 Leffe
82%
12.8 1664
77%
112.7 Desperados
72%
29.2 8.6
63%
56.2 Grimbergen
50%
11.7 Corona
44%
32.8 Goudale
35%
31.1 Affligem
22%
11.4 Amsterdam
15%
10.7 Hoegaarden
10%
Aucun quiz correspondant
Distribution des résultats
% des personnes avec chaque résultat
Percentile par nombre de réponses
Votre historique - résultats
Vous n’avez pas pris ce quiz